[Event "LSS SA-2022-0-00795"]
[Site "LSS email"]
[Date "2022.03.29"]
[Round "?"]
[White "Skeels, Puffy"]
[Black "Hartwich, Andreas"]
[Result "0-1"]
[WhiteElo "2101"]
[BlackElo "2050"]
[PlyCount "78"]
[EventDate "2022.02.22"]
[EventType "tourn (corr)"]
[EventRounds "6"]
[EventCountry "GER"]
[SourceTitle "Corr 2024"]
[Source "ChessBase"]
[SourceDate "2023.10.19"]
[SourceVersion "1"]
[SourceVersionDate "2023.10.19"]
[SourceQuality "1"]

1. Nf3 d5 2. b3 c5 3. Bb2 f6 4. e3 e5 5. Bb5+ Nc6 6. c4 d4 7. exd4 cxd4 8. 0-0 Nge7 9. Nh4 g5 10. Qh5+ Kd7 11. f4 gxf4 12. Qf7 Kc7 13. Ba3 Rg8 14. Bxc6 bxc6 15. d3 Bd7 16. Nd2 Nf5 17. Qxg8 Bxa3 18. Qxd8+ Rxd8 19. Nxf5 Bxf5 20. Rf3 Bb4 21. Ne4 Bxe4 22. dxe4 f5 23. exf5 d3 24. f6 e4 25. Rxf4 e3 26. f7 d2 27. Kf1 d1Q+ 28. Rxd1 Rxd1+ 29. Ke2 Re1+ 30. Kd3 Bf8 31. Rf3 e2 32. Rf2 Rf1 33. Kxe2 Rxf2+ 34. Kxf2 Kd7 35. Kf3 Ke6 36. Ke4 h6 37. g4 Kxf7 38. Kf5 Bd6 39. h3 Be7 0-1

[Event "ZH-2021-0-01968"]
[Site "LSS email"]
[Date "2021.12.04"]
[Round "?"]
[White "Hartwich, Andreas"]
[Black "Girardelli, Giuseppe"]
[Result "1-0"]
[WhiteElo "2050"]
[BlackElo "2144"]
[PlyCount "33"]
[EventDate "2021.11.11"]
[EventType "match (corr)"]
[EventRounds "2"]
[EventCountry "GER"]
[SourceTitle "Corr 2024"]
[Source "ChessBase"]
[SourceDate "2023.10.19"]
[SourceVersion "1"]
[SourceVersionDate "2023.10.19"]
[SourceQuality "1"]

1. d4 f5 2. g3 Nf6 3. Bg2 g6 4. Nf3 Bg7 5. 0-0 0-0 6. c4 d6 7. Nc3 c6 8. Rb1 a5 9. Qb3 h6 10. d5 cxd5 11. cxd5 Na6 12. Be3 Qe8 13. Rbc1 Bd7 14. Qxb7 Qb8 15. Qxb8 Raxb8 16. b3 Rfc8 17. h3 1-0

[Event "OP-2021-0-05222"]
[Site "LSS email"]
[Date "2021.12.01"]
[Round "?"]
[White "Hartwich, Andreas"]
[Black "Baltar, Antoni"]
[Result "1/2-1/2"]
[WhiteElo "2050"]
[BlackElo "1909"]
[PlyCount "71"]
[EventDate "2021.11.30"]
[EventType "tourn (corr)"]
[EventRounds "4"]
[EventCountry "GER"]
[SourceTitle "Corr 2024"]
[Source "ChessBase"]
[SourceDate "2023.10.19"]
[SourceVersion "1"]
[SourceVersionDate "2023.10.19"]
[SourceQuality "1"]

1. d4 Nf6 2. c4 e5 3. dxe5 Ng4 4. e4 h5 5. Be2 Nc6 6. Nf3 Bc5 7. 0-0 Ncxe5 8. Nxe5 Nxe5 9. Nc3 d6 10. Na4 Bg4 11. Nxc5 Bxe2 12. Qxe2 dxc5 13. Rd1 Qf6 14. f4 Nc6 15. Rd5 0-0 16. Rxh5 Qd4+ 17. Be3 Qxe4 18. Re1 g6 19. Rh3 Rfe8 20. Qf2 Kg7 21. f5 Qxf5 22. Rf3 Qd7 23. Qh4 Rh8 24. Qf6+ Kg8 25. Bxc5 Re8 26. Rxe8+ Qxe8 27. Bf2 Rh5 28. Re3 Qd7 29. Qc3 Qd1+ 30. Re1 Qd8 31. b3 f6 32. h3 Rf5 33. Re3 Ne5 34. Bg3 Qd1+ 35. Re1 Qd6 36. Qe3 1/2-1/2

[Event "GER CCM-E03-C email"]
[Site "GER email"]
[Date "2019.06.19"]
[Round "?"]
[White "Klewe, Wolfgang"]
[Black "Hartwich, Andreas"]
[Result "1/2-1/2"]
[WhiteElo "2243"]
[BlackElo "2256"]
[PlyCount "43"]
[EventDate "2019.??.??"]
[EventType "tourn (corr)"]
[EventRounds "13"]
[EventCountry "GER"]
[SourceTitle "Corr 2022"]
[Source "ChessBase"]
[SourceDate "2021.10.24"]
[SourceVersion "1"]
[SourceVersionDate "2021.10.24"]
[SourceQuality "1"]

1. e4 e5 2. Nf3 Nc6 3. Bb5 a6 4. Ba4 Nf6 5. 0-0 Be7 6. Re1 b5 7. Bb3 0-0 8. c3 d5 9. exd5 Nxd5 10. Nxe5 Nxe5 11. Rxe5 c6 12. d4 Bd6 13. Re1 Qh4 14. g3 Qh3 15. Be3 Bg4 16. Qd3 Rae8 17. Nd2 Re6 18. a4 Qh5 19. axb5 axb5 20. Nf1 Bf5 21. Qd2 Bh3 22. Qd1 1/2-1/2

[Event "GER CCM-E03-C email"]
[Site "GER email"]
[Date "2019.06.19"]
[Round "?"]
[White "Sostaric, Denis"]
[Black "Hartwich, Andreas"]
[Result "1/2-1/2"]
[WhiteElo "2273"]
[BlackElo "2256"]
[PlyCount "37"]
[EventDate "2019.??.??"]
[EventType "tourn (corr)"]
[EventRounds "13"]
[EventCountry "GER"]
[SourceTitle "Corr 2022"]
[Source "ChessBase"]
[SourceDate "2021.10.24"]
[SourceVersion "1"]
[SourceVersionDate "2021.10.24"]
[SourceQuality "1"]

1. e4 e5 2. Nf3 Nc6 3. Bb5 a6 4. Ba4 Nf6 5. 0-0 Be7 6. Re1 b5 7. Bb3 0-0 8. h3 Bb7 9. d3 d5 10. exd5 Nxd5 11. Nbd2 f6 12. c4 bxc4 13. Nxc4 Bb4 14. Bd2 Kh8 15. Bxb4 Ndxb4 16. d4 Nxd4 17. Nxd4 Qxd4 18. Qxd4 exd4 19. Na5 1/2-1/2